| 000 | 01209nam a22001577a 4500 | ||
|---|---|---|---|
| 041 | _aukr | ||
| 080 | _a09 | ||
| 090 | _bГОР | ||
| 100 | _aГоречко П.З. | ||
| 245 | _aЛінгвістичні та структурні особливості Вікіпедії | ||
| 260 |
_aОстрог _bКАФ _c2009 |
||
| 300 | _a59 | ||
| 520 |
_aВСТУП
РОЗДІЛ 1 ВІКІПЕДІЯ: ВИНИКНЕННЯ ТА СУЧАСНИЙ СТАН
1.1 Еволюція представлення енциклопедичних даних.
1.2 Порівняльний аналіз статті про М. Грушевського у Вікіпедії та "Енциклопедії української літератури".
1.3 мовне різноманіття Вікіпедії.
РОЗДІЛ 2 ДОТИЧНІ ПРОЕКТИ ВІКІПЕДІЇ
2.1 Основні Вікіпроекти.
2.2 Вікісловник як універсальне лексикографічне джерело.
2.3 Створення власної словникової статті у Вікісловнику.
ВИСНОВКИ _0Вікіпедія, Вікісловник |
||
| 650 | _aResearch Papers | ||
| 999 |
_c284106 _d284106 |
||
| 942 | _cBK | ||